| 000 | 00533nam a2200205Ia 4500 | ||
|---|---|---|---|
| 005 | 20250508163951.0 | ||
| 008 | 008 250505s9999 xx 000 0 hin d | ||
| 037 | _aTextBook | ||
| 040 |
_aFEDL _beng _cFEDL |
||
| 041 |
_ahin _2hin |
||
| 084 |
_a155.4, JAY _qFEDL |
||
| 100 | _aJayaswal Sita Ram | ||
| 245 | 0 | _aBal manovigyan | |
| 260 |
_aNew Delhi, India _bArya Book Depot _c1992 |
||
| 300 | _a316p | ||
| 365 |
_aINR _b995 |
||
| 650 | _aChild Psychology | ||
| 942 |
_cTB _h155.4, JAY |
||
| 999 |
_c1386338 _d1386338 |
||